000
00305cam a22001217a 4500
008
180718b1989 xxu||||| |||| 00| 0 eng d
082
_a
N4x54 Sh13
100
_a
Shah, G.
245
_a
Indian police: a retrospect
_c
by G. Shah
260
_a
Delhi
_b
Cosmo
_c
1989
300
_a
224p.
650
_a
Police - India
999
_c
354104
_d
354104